000 01049nam a2200313 a 4500
003 AR-BaBNM
005 20251128210609.0
008 082120s2002 ||||||||||||||000 | spa||
020 _a84-8198-166-4
040 _cAR-BaBNM
100 1 _aDeléage, Jean Paul
245 0 0 _aLa energía como tema interdisciplinar en la educación ambiental
250 _a1ª ed.
260 _aBilbao
_bLos libros de la Catarata
_c1996
300 _a125 p.
_bil., tablas, gráfs.
490 0 _aEducación ambiental
_vv. 11
500 _aContiene glosario y referencias bibliográficas
500 _aEsta edición cuenta con el aval del Programa Internacional de Educación Ambiental Unesco-PNUMA
500 _aPNUMA: Programa de las Naciones Unidas para el Medio Ambiente
650 4 _aEDUCACION AMBIENTAL
650 4 _aENERGIA
650 4 _aRECURSOS NATURALES
650 4 _aPROGRAMAS DE EDUCACION
653 _aTEMAS TRANSVERSALES
653 _aENSEÑANZA DE LAS CIENCIAS NATURALES
700 1 _aSouchon, Ch.
942 _cBK
998 _cRaquel
999 _c16106
_d16106